000 01303cab a2200325 4500
001 X93852
008 090401t1998 xxu||||| |||| 00| 0 eng d
035 _a(Sirsi) u88448
041 _aeng
245 _aRoyal Bank of Scotland v Etridge :Loftus v Etridge : Etridge v Pritchard Englefueld : Midland Bank v Wallace : Barclays Bank v Harris : National Westmister Bank v Gill : Lloyds Bank v Lucken : UCB Home Loand Corporation Limited v Moore : Moore v Zerfah
260 _c1998
350 _a0
490 _aNew Property Cases
_v1998 NPC 130(4)
520 _aCA 31 July 1998. The court redefines the duties of banks and solicitors when the matrimonial home is charged as security for loans to others.
650 _aBARCLAYS BANK V HARRIS
650 _aBARCLAYS BANK V OBRIEN
650 _aETRIDGE V PRITCHARD ENGLEFIELD
650 _aLLOYDS BANK V LUCKEN
650 _aLOFTUS V ETRIDGE
650 _aMATRIMONIAL HOME
650 _aMIDLAND BANK PLC V WALLACE AND ANOTHER
650 _aMOORE V ZERFAH
650 _aNATIONAL WESTMINSTER BANK PLC V GILL AND ANOTHER
650 _aROYAL BANK OF SCOTLAND V ETRIDGE
650 _aSECURITY
650 _aUCB HOME LOANS CORPORATION LTD V MOORE AND ANOTHER
690 _aPROPERTY LAW AND PRACTICE
942 _n0
948 _c11/09/1998
999 _c55870
_d55870